000 00474cam a22001457a 4500
008 180718b2000 xxu||||| |||| 00| 0 eng d
020 _a0787950602
082 _aI29 C622
100 _aCloke, Kenneth
245 _aResolving personal and organizational conflict: stories of transformation and forgiveness
_cby Kenneth Cloke and Joan Goldsmith
260 _aSan Francisco
_bJossey-Bass
_c2000
300 _a217p.
650 _aConflict management
700 _aGoldsmith, Joan
999 _c395540
_d395540